Biblioteca

Salmos (Registro nro. 65859)

Detalles MARC
000 -LÍDER
Campo fijo de descripción fija 01092nam a2200349 i 4500
001 - NÚMERO DE CONTROL
Campo de control 768714001
003 - IDENTIFICADOR DEL NÚMERO DE CONTROL
Campo de control CO-MdFUSB
005 - FECHA Y HORA DE LA ULTIMA TRANSACCIÓN
control field 20210529101637.0
007 - CAMPO FIJO DE DESCRIPCIÓN FIJA--INFORMACIÓN GENERAL
Campo fijo de descripción fija ta
008 - ELEMENTOS DE LONGITUD FIJA -- INFORMACIÓN GENERAL
Campo fijo de descripción fija -- Información general 200511t1984 ec |||| |||| 00| 0 qu d
020 ## - NÚMERO INTERNACIONAL NORMALIZADO PARA LIBROS
Número Internacional Normalizado del libro [No incuye ISBN]
040 ## - FUENTE DE CATALOGACIÓN
Agencia de catalogación original CO-MdFUSB
Idioma de catalogación spa
Agencia que realiza la transcripción CO-MdFUSB
Agencia que realiza la modificación CO-MdFUSBC
Convenciones de la descripción rda
041 ## - CÓDIGO DE IDIOMA
Código de idioma para texto/pista de sonido o título separado spa
082 ## - NÚMERO DE CLASIFICACIÓN DECIMAL DEWEY
Número de la edición del Dewey 23
Número de clasificación 223.2
Clave de autor-Numero de item D594
110 ## - ASIENTO PRINCIPAL--NOMBRE CORPORATIVO
Nombre corporativo o de jurisdicción como elemento de entrada Sociedad Bíblica Ecuatoriana,
240 ## - TITULO UNIFORME
Título uniforme <a href="Libro de los Salmos en Quichua del Chimborazo - Ecuador">Libro de los Salmos en Quichua del Chimborazo - Ecuador</a>
245 1# - TÍTULO
Título del Material Salmos
Parte restante del título - Subtitulo : Diosta Cantana Salmocunami
Mención de responsabilidad, etc. / Sociedad Bíblica Ecuatoriana
250 ## - MENCIÓN DE EDICIÓN
Mención de edición Primera edición
264 #1 - PRODUCCIÓN, PUBLICACIÓN, DISTRIBUCIÓN, MANUFACTURA, Y COPYRIGHT
Lugar de producción, publicación, distribución, manufactura Quito, Ecuador :
Nombre del productor, publicador, distribuidor Señal,
Fecha de producción, publicación, distribución, manufactura, o copyright © 1984
264 #4 - PRODUCCIÓN, PUBLICACIÓN, DISTRIBUCIÓN, MANUFACTURA, Y COPYRIGHT
Fecha de producción, publicación, distribución, manufactura, o copyright © 1984
300 ## - DESCRIPCIÓN FÍSICA
Dimensiones 254 páginas ;
Extensión 21 cm
336 ## - TIPO DE CONTENIDO
Fuente rdacontent
Término de tipo de contenido texto
Código de tipo de contenido txt
337 ## - TIPO DE MEDIO
Fuente rdamedia
Nombre del tipo de medio sin mediación
Código del tipo de medio n
338 ## - TIPO DE SOPORTE
Fuente rdacarrier
Nombre del tipo de soporte volumen
Código Tipo de soporte nc
500 ## - NOTA GENERAL
Nota General Libro de los Salmos en Quichua del Chimborazo - Ecuador.
505 ## - NOTA DE CONTENIDO
Nota de contenido con formato preestablecido Salmo en Quichua
630 07 - TITULO UNIFORME
Título uniforme Biblia.
Nombre de parte o sección de la obra Salmos
653 ## - TÉRMINO DE INDIZACIÓN - NO CONTROLADO
Término no controlado Biblia -- Traducciones -- Quichua.
942 ## - TIPO DE MATERIAL (KOHA)
Tipo de Item KOHA Libros General
945 ## - INFORMACIÓN LOCAL DEL REGISTRO
Catalogador JTF-925
Existencias
Estado de Material Estado de Perdido Forma de Clasificación Estado de Dañado No para Préstamo Colección Biblioteca de Origen Biblioteca Permanente Fecha de Adquisición Área Total de Préstamos Signatura Topográfica Código de Barras Última vez visto Ejemplar/Existencia Fecha de Remplazo Tipo de Material
    Dewey Decimal Classification     Colección General Biblioteca FUSBC Biblioteca FUSBC 11/05/2020 LENGUAS - LINGUISTICA   G 223.2 D594d 26240 11/05/2020 Ej.1 11/05/2020 Libros Patrimoniales

Biblioteca FUSBC | Teléfono: (57+4) 349 88 10 Ext. 141| WhatsApp (+57) 3005338115 
E-mail: biblioteca@unisbc.edu.co | Calle 76 87-14 Robledo Palenque, Medellín, Colombia

Con tecnología Koha